000 00626cab a2200217 4500
001 ABS54453
008 090401t1996 xxu||||| |||| 00| 0 eng d
035 _a(Sirsi) u10442
041 _aeng
100 _aGrazebrook, N.
245 _aBridge over troubled waterways
260 _c1996
350 _a0
490 _aCountry Landowner
_vFebruary 1996, 26-27(2)
520 _aTraces the history of canals from the Bridgewater Canal Act 1759 to the British Waterways Act 1995.
650 _aBRITISH WATERWAYS ACT 1995
650 _aCANALS
690 _aTRANSPORT AND COMMUNICATIONS
942 _n0
948 _c04/03/1997
999 _c6587
_d6587